Információ szolgáltatás Mezőberényben

Elmentve itt :
Bibliográfiai részletek
Szerző: Fábián Zsolt
További közreműködők: Pajor Enikő (Témavezető)
Dokumentumtípus: Szakdolgozat
Megjelent: 2007
Tárgyszavak:
Online Access:http://diploma.bibl.u-szeged.hu/96758
LEADER 00639nta a2200193 i 4500
001 dipl96758
005 20201223085856.0
008 201223s2007 hu om 0|| zxx d
040 |a SZTE Diploma Repozitórium  |b hun 
041 |a zxx 
100 1 |a Fábián Zsolt 
245 1 0 |a Információ szolgáltatás Mezőberényben  |h [elektronikus dokumentum] /  |c Zsolt Fábián 
260 |c 2007 
650 4 |a Pedagógusképzés 
650 4 |a Social sciences 
650 4 |a Media and communications 
650 4 |a Library science 
700 1 |a Pajor Enikő  |e ths 
856 4 0 |u http://diploma.bibl.u-szeged.hu/id/eprint/96758/1/2007_fabian_zsolt.pdf  |z Dokumentum-elérés